Les préfectures les plus au Sud de la France - Statistiques

Statistiques générales
  • Ce quiz a été pris 7 854 fois
  • Le résultat moyen est 14 sur 20
Statistiques - réponses
Latitude Préfecture % Correct
43°10' N Marseille
96%
43°39' N Nice
96%
43°34' N Montpellier
89%
42°38' N Perpignan
89%
43°32' N Toulouse
86%
43°06' N Toulon
85%
43°17' N Pau
78%
43°44' N Nîmes
72%
41°52' N Ajaccio
70%
21°01' S Saint-Denis
69%
42°39' N Bastia
68%
43°10' N Carcassonne
66%
14°35' N Fort-de-France
63%
04°53' N Cayenne
60%
12°49' S Mamoudzou
58%
43°13' N Tarbes
58%
42°56' N Foix
55%
15°59' N Basse-Terre
51%
43°51' N Mont-de-Marsan
50%
43°37' N Auch
46%
Aucun quiz correspondant
Distribution des résultats
% des personnes avec chaque résultat
Percentile par nombre de réponses
Votre historique - résultats
Vous n’avez pas pris ce quiz